<?xml version="1.0" encoding="UTF-8"?>
<record
    xmlns:xsi="http://www.w3.org/2001/XMLSchema-instance"
    xsi:schemaLocation="http://www.loc.gov/MARC21/slim http://www.loc.gov/standards/marcxml/schema/MARC21slim.xsd"
    xmlns="http://www.loc.gov/MARC21/slim">

  <leader>02685njm a2200445Ia 4500</leader>
  <controlfield tag="001">73155</controlfield>
  <controlfield tag="003">IT-RoPAU</controlfield>
  <controlfield tag="005">20220918181120.0</controlfield>
  <controlfield tag="008">131025s9999    xx            000 0 und d</controlfield>
  <datafield tag="040" ind1=" " ind2=" ">
    <subfield code="a">IT-RoPAU</subfield>
  </datafield>
  <datafield tag="040" ind1=" " ind2=" ">
    <subfield code="c">IT-RoPAU</subfield>
  </datafield>
  <datafield tag="041" ind1=" " ind2=" ">
    <subfield code="a">POLACCO</subfield>
  </datafield>
  <datafield tag="999" ind1=" " ind2=" ">
    <subfield code="c">99737</subfield>
    <subfield code="d">99737</subfield>
  </datafield>
  <datafield tag="999" ind1=" " ind2=" ">
    <subfield code="b">n.d.</subfield>
  </datafield>
  <datafield tag="100" ind1=" " ind2=" ">
    <subfield code="a">AA.VV.</subfield>
    <subfield code="9">794</subfield>
  </datafield>
  <datafield tag="100" ind1=" " ind2=" ">
    <subfield code="e">Autore musica</subfield>
    <subfield code="9">24687</subfield>
  </datafield>
  <datafield tag="100" ind1=" " ind2=" ">
    <subfield code="g">Codice autore musica SPICS: 12000</subfield>
    <subfield code="9">796</subfield>
  </datafield>
  <datafield tag="245" ind1=" " ind2=" ">
    <subfield code="a">Przeboje (Lp Pronit Plp 0032)</subfield>
  </datafield>
  <datafield tag="250" ind1=" " ind2=" ">
    <subfield code="a">1a ed.</subfield>
  </datafield>
  <datafield tag="260" ind1=" " ind2=" ">
    <subfield code="a">POLONIA</subfield>
  </datafield>
  <datafield tag="260" ind1=" " ind2=" ">
    <subfield code="b">PRONIT</subfield>
  </datafield>
  <datafield tag="300" ind1=" " ind2=" ">
    <subfield code="a">DISCO</subfield>
  </datafield>
  <datafield tag="500" ind1=" " ind2=" ">
    <subfield code="a">Musica leggera polacca. Hit Parade polacca</subfield>
  </datafield>
  <datafield tag="505" ind1=" " ind2=" ">
    <subfield code="a">Kiedy Dzien Za Noca Goni - Wez Slonce Do Rak - Bedziesz Ty - Jeszcze Moja - Tobie I Mnie - Po Co Ja Za Toba Biegam -  Usmiechajcie Sie Dziewczeta - Inna Niz Wszystkie - Krajobrazy - Znamy Sie Tylko Z Widzenia - Bylas Tu</subfield>
  </datafield>
  <datafield tag="650" ind1=" " ind2=" ">
    <subfield code="a">MUSICA POLACCA [DISCHI]</subfield>
    <subfield code="e">Codice MATERIA SPICS: 9950</subfield>
    <subfield code="9">24688</subfield>
  </datafield>
  <datafield tag="700" ind1=" " ind2=" ">
    <subfield code="a">Trubadurzy </subfield>
    <subfield code="g">Codice interprete SPICS: 25571</subfield>
    <subfield code="e">Interprete</subfield>
    <subfield code="9">24689</subfield>
  </datafield>
  <datafield tag="700" ind1=" " ind2=" ">
    <subfield code="a">Kowalewski S.</subfield>
    <subfield code="g">Codice autore musica SPICS: 25419</subfield>
    <subfield code="e">Autore musica</subfield>
    <subfield code="p">Kiedy Dzien Za Noca Goni - Wez Slonce Do Rak - Bedziesz Ty - Jeszcze Moja</subfield>
    <subfield code="9">24690</subfield>
  </datafield>
  <datafield tag="700" ind1=" " ind2=" ">
    <subfield code="a">Rostkowski T.</subfield>
    <subfield code="g">Codice autore SPICS: 25483</subfield>
    <subfield code="e">Autore</subfield>
    <subfield code="p">Kiedy Dzien Za Noca Goni - Wez Slonce Do Rak</subfield>
    <subfield code="9">24691</subfield>
  </datafield>
  <datafield tag="700" ind1=" " ind2=" ">
    <subfield code="a">Kondratowicz J.</subfield>
    <subfield code="g">Codice autore testo/musica SPICS: 25196</subfield>
    <subfield code="e">Autore testo/musica</subfield>
    <subfield code="p">Kiedy Dzien Za Noca Goni - Bedziesz Ty - Jeszcze Moja - Tobie I Mnie - Krajobrazy</subfield>
    <subfield code="9">24692</subfield>
  </datafield>
  <datafield tag="700" ind1=" " ind2=" ">
    <subfield code="a">Glogowski M.</subfield>
    <subfield code="g">Codice autore testo/musica SPICS: 25510</subfield>
    <subfield code="e">Autore testo/musica</subfield>
    <subfield code="p">Wez Slonce Do Rak</subfield>
    <subfield code="9">24693</subfield>
  </datafield>
  <datafield tag="700" ind1=" " ind2=" ">
    <subfield code="a">Halny S.</subfield>
    <subfield code="g">Codice autore testo/musica SPICS: 25511</subfield>
    <subfield code="e">Autore testo/musica</subfield>
    <subfield code="p">Jeszcze Moja</subfield>
    <subfield code="9">24694</subfield>
  </datafield>
  <datafield tag="700" ind1=" " ind2=" ">
    <subfield code="a">Krawczyk Krzysztof</subfield>
    <subfield code="g">Codice autore musica SPICS: 25171</subfield>
    <subfield code="e">Autore musica</subfield>
    <subfield code="p">Tobie I Mnie</subfield>
    <subfield code="9">24695</subfield>
  </datafield>
  <datafield tag="700" ind1=" " ind2=" ">
    <subfield code="a">Poznakowski R.</subfield>
    <subfield code="g">Codice autore musica SPICS: 25103</subfield>
    <subfield code="e">Autore musica</subfield>
    <subfield code="p">Po Co Ja Za Toba Biegam - Usmiechajcie Sie Dziewczeta - Krajobrazy - Znamy Sie Tylko Z Widzenia - Bylas Tu</subfield>
    <subfield code="9">24696</subfield>
  </datafield>
  <datafield tag="700" ind1=" " ind2=" ">
    <subfield code="a">Kleyny J.</subfield>
    <subfield code="g">Codice autore testo/musica SPICS: 25512</subfield>
    <subfield code="e">Autore musica</subfield>
    <subfield code="p">Po Co Ja Za Toba Biegam</subfield>
    <subfield code="9">24697</subfield>
  </datafield>
  <datafield tag="700" ind1=" " ind2=" ">
    <subfield code="a">Patuszynski W.</subfield>
    <subfield code="g">Codice autore testo/musica SPICS: 25513</subfield>
    <subfield code="e">Autore testo/musica</subfield>
    <subfield code="p">Usmiechajcie Sie Dziewczeta</subfield>
    <subfield code="9">24698</subfield>
  </datafield>
  <datafield tag="700" ind1=" " ind2=" ">
    <subfield code="a">Lichtman M.</subfield>
    <subfield code="g">Codice autore musica SPICS: 25420</subfield>
    <subfield code="e">Autore musica</subfield>
    <subfield code="p">Inna Niz Wszystkie</subfield>
    <subfield code="9">24699</subfield>
  </datafield>
  <datafield tag="700" ind1=" " ind2=" ">
    <subfield code="a">Winkler K.</subfield>
    <subfield code="g">Codice autore testo/musica SPICS: 25189</subfield>
    <subfield code="e">Autore testo/musica</subfield>
    <subfield code="p">Inna Niz Wszystkie</subfield>
    <subfield code="9">24700</subfield>
  </datafield>
  <datafield tag="700" ind1=" " ind2=" ">
    <subfield code="a">Glogowski M.</subfield>
    <subfield code="g">Codice autore testo/musica SPICS: 25510</subfield>
    <subfield code="e">Autore testo/musica</subfield>
    <subfield code="p">Znamy Sie Tylko Z Widzenia</subfield>
    <subfield code="9">24701</subfield>
  </datafield>
  <datafield tag="700" ind1=" " ind2=" ">
    <subfield code="a">Senar</subfield>
    <subfield code="g">Codice autore testo/musica SPICS: 25514</subfield>
    <subfield code="e">Autore testo/musica</subfield>
    <subfield code="p">Bylas Tu</subfield>
    <subfield code="9">24702</subfield>
  </datafield>
  <datafield tag="942" ind1=" " ind2=" ">
    <subfield code="c">MD</subfield>
    <subfield code="2">ddc</subfield>
  </datafield>
  <datafield tag="952" ind1=" " ind2=" ">
    <subfield code="0">0</subfield>
    <subfield code="1">0</subfield>
    <subfield code="4">0</subfield>
    <subfield code="6">73155_000000000000000</subfield>
    <subfield code="7">1</subfield>
    <subfield code="a">SPICS</subfield>
    <subfield code="b">SPICS</subfield>
    <subfield code="d">2013-10-25</subfield>
    <subfield code="l">0</subfield>
    <subfield code="o">73155</subfield>
    <subfield code="r">2013-10-25 00:00:00</subfield>
    <subfield code="w">2013-10-25</subfield>
    <subfield code="y">MD</subfield>
    <subfield code="z">Progr. Ins.: 17489 / N.Vol.: 1 / Copie: 1 - Copia rara: n.d. / date import: 01.01.2014 - By Epidotti, Trombetti, Vaglietti</subfield>
  </datafield>
</record>
